[Collection of documents related to the auctioneer John R. Smith of Cowes] (Record no. 116598)
[ view plain ]
| 000 -LEADER | |
|---|---|
| fixed length control field | 00734ctc a22001935a 4500 |
| 001 - CONTROL NUMBER | |
| control field | L141110 |
| 008 - FIXED-LENGTH DATA ELEMENTS--GENERAL INFORMATION | |
| fixed length control field | 071029i18431859xxk eng u |
| 035 ## - SYSTEM CONTROL NUMBER | |
| System control number | (Sirsi) u141110 |
| 041 0# - LANGUAGE CODE | |
| Language code of text/sound track or separate title | eng |
| 245 01 - TITLE STATEMENT | |
| Title | [Collection of documents related to the auctioneer John R. Smith of Cowes] |
| Medium | [manuscript] |
| 260 ## - PUBLICATION, DISTRIBUTION, ETC. | |
| Date of publication, distribution, etc. | 1843-1859 |
| 300 ## - PHYSICAL DESCRIPTION | |
| Extent | 4 items |
| Dimensions | 34 x 23 cm., or smaller |
| 340 ## - PHYSICAL MEDIUM | |
| Material base and configuration | Manuscript and printed |
| 351 ## - ORGANIZATION AND ARRANGEMENT OF MATERIALS | |
| Hierarchical level | Fonds |
| 500 ## - GENERAL NOTE | |
| General note | Includes a note from John R. Smith regarding the commencement of his business (5 January 1843), a payment draft dated 18 May 1849, and documents related to Smith's bankruptcy dated 1858 and 1859. |
| 651 4# - SUBJECT ADDED ENTRY--GEOGRAPHIC NAME | |
| Geographic name | Isle of Wight |
| 690 ## - LOCAL SUBJECT ADDED ENTRY--TOPICAL TERM (OCLC, RLIN) | |
| Topical term or geographic name as entry element | PROPERTY-AUCTIONEERING-AUCTIONEERS |
| 942 ## - ADDED ENTRY ELEMENTS (KOHA) | |
| Suppress in OPAC | 0 |
| Withdrawn status | Lost status | Source of classification or shelving scheme | Damaged status | Not for loan | Home library | Current library | Shelving location | Date acquired | Total Checkouts | Full call number | Barcode | Date last seen | Copy number | Price effective from | Koha item type |
|---|---|---|---|---|---|---|---|---|---|---|---|---|---|---|---|
| Dewey Decimal Classification | London | London | Basement | 29/10/2007 | BASEMENT BOX 4 | 141110-1001 | 06/08/2019 | 1 | 06/08/2019 | Archive |